Statystyki dla Policzyć jak najwyżej - jedna minuta sprintu

Kliknij tutaj aby rozwiązać quiz!

Ogólne statystyki

  • Ten quiz został rozwiązany 1 662 razy
  • Średni wynik to 76 z 200

Statystyki odpowiedzi

#% Poprawnych
1
100%
3
99%
2
99%
4
98%
5
98%
6
97%
7
97%
8
97%
9
97%
10
96%
11
95%
16
94%
17
94%
13
94%
15
94%
14
94%
12
94%
18
93%
19
93%
20
93%
21
93%
22
93%
29
92%
28
92%
27
92%
26
92%
25
92%
23
92%
24
92%
30
91%
31
91%
32
91%
33
91%
37
90%
38
90%
39
90%
36
90%
35
90%
34
90%
40
89%
41
89%
42
88%
43
88%
44
88%
45
88%
46
88%
47
87%
48
87%
49
87%
50
86%
51
85%
52
85%
53
84%
54
83%
55
83%
56
83%
57
82%
58
82%
59
81%
60
79%
61
77%
62
76%
63
75%
64
74%
65
73%
66
71%
67
69%
68
68%
69
67%
70
64%
71
62%
72
60%
73
60%
74
58%
75
57%
76
56%
77
54%
78
52%
79
51%
80
47%
81
46%
82
45%
83
44%
84
43%
85
42%
86
40%
87
39%
88
38%
89
36%
90
34%
91
32%
92
31%
93
30%
94
29%
95
28%
96
27%
97
26%
98
25%
99
23%
100
22%
101
19%
102
16%
103
15%
104
13%
105
11%
106
10%
107
9%
108
8%
109
7%
110
6%
111
6%
112
5%
113
4%
114
4%
115
3%
116
3%
117
3%
118
3%
119
2%
123
1%
124
1%
122
1%
120
1%
121
1%
181
0%
179
0%
178
0%
177
0%
176
0%
175
0%
174
0%
172
0%
173
0%
171
0%
170
0%
169
0%
168
0%
167
0%
166
0%
165
0%
180
0%
192
0%
182
0%
163
0%
199
0%
198
0%
197
0%
196
0%
195
0%
194
0%
193
0%
191
0%
183
0%
190
0%
189
0%
188
0%
187
0%
186
0%
185
0%
184
0%
164
0%
151
0%
162
0%
133
0%
139
0%
138
0%
137
0%
136
0%
135
0%
134
0%
132
0%
141
0%
131
0%
130
0%
129
0%
128
0%
127
0%
126
0%
125
0%
140
0%
142
0%
161
0%
153
0%
160
0%
159
0%
158
0%
157
0%
156
0%
155
0%
154
0%
152
0%
143
0%
150
0%
149
0%
148
0%
147
0%
146
0%
145
0%
144
0%
200
0%

Rozkład punktacji

Percentyl według liczby udzielonych odpowiedzi

Procent ludzi z każdym wynikiem

Twoja historia wyników

Nie rozwiązałeś tego quizu